00607 2200229 4500001002100000005001700021008004100038020001700079035002400096082001000120090002000130100001500150245005900165250001100224260003100235300002400266500002100290650003000311850001500341985000600356999001500362YOGYA-0209000002777120090227024155.0 ind  a979413-625-5 0010-020900000027771 a025.1 a025.1bSum PlT aSUMARJI, P aPerpustakaanbOrganisasi dan tatakerjanyacP. Sumardji aCet. 4 aYogyakartabKanisiusc1995 a69 hlmbilusc21 cm aBibliografi : 69 aPerpustakaan - organisasi aYOPDYOG(B) a1 a95P0059677